Central Library OPAC University of Rajshahi

Contemporary Auditing / (Record no. 15785)

MARC details
000 -LEADER
fixed length control field 00595cam a22002294a 4500
001 - CONTROL NUMBER
control field 15785
003 - CONTROL NUMBER IDENTIFIER
rucl marc code BD-RjUL
005 - DATE AND TIME OF LATEST TRANSACTION
control field 20220323162851.0
008 - FIXED-LENGTH DATA ELEMENTS--GENERAL INFORMATION
fixed length control field 140210r20051976ii b 001 0 eng
020 ## - INTERNATIONAL STANDARD BOOK NUMBER
International Standard Book Number 0070964378
035 ## - SYSTEM CONTROL NUMBER
System control number (BD-RjUL)15840
040 ## - CATALOGING SOURCE
Original cataloging agency DLC
Transcribing agency BD-RjUL
Modifying agency DLC
Language of cataloging eng
041 ## - LANGUAGE CODE
Language code of text/sound track or separate title eng
082 00 - DEWEY DECIMAL CLASSIFICATION NUMBER
Classification number 657.45
Edition number 22
Author mark and year GUC 2005
100 1# - MAIN ENTRY--PERSONAL NAME
Personal name Gupta, Kamal
9 (RLIN) 48955
245 10 - TITLE STATEMENT
Title Contemporary Auditing /
Statement of responsibility, etc. Kamal Gupta
250 ## - EDITION STATEMENT
Edition statement 6th ed.
260 ## - PUBLICATION, DISTRIBUTION, ETC. (IMPRINT)
Place of publication, distribution, etc. New Delhi :
Name of publisher, distributor, etc. Tata McGraw-Hill pub.
Date of publication, distribution, etc. c2005.
300 ## - PHYSICAL DESCRIPTION
Pagination xxi, 1530 p. ;
Size 24 cm.
650 ## - SUBJECT ADDED ENTRY--TOPICAL TERM
Topical term or geographic name as entry element Auditing.
9 (RLIN) 1990
942 ## - ADDED ENTRY ELEMENTS (KOHA)
Source of classification or shelving scheme Dewey Decimal Classification
Koha item type Books
Holdings
Lost status Source of classification or shelving scheme Damaged status Not for loan Collection code Permanent Location Current Location Shelving location Date acquired Source of acquisition Cost, normal purchase price Total Checkouts Total Renewals Full call number Date last seen Date checked out Copy number Koha item type
  Dewey Decimal Classification     Non-fiction Central Library, University of Rajshahi Central Library, University of Rajshahi   20/04/2008 Dhaka, Paragon Enterprises Ltd 525.00 3 1 657.45 GUC 2005 14/10/2018 10/09/2018 C-7 Books
  Dewey Decimal Classification     Non-fiction Central Library, University of Rajshahi Central Library, University of Rajshahi   17/01/2008 Paragon Enterprizes, Dhaka 525.00     657.45 GUC 2005 16/10/2016   C-3 Books
  Dewey Decimal Classification     Non-fiction Central Library, University of Rajshahi Central Library, University of Rajshahi   20/05/2008 Dhaka, Paragon Enterprise 525.00     657.45 GUC 2005 10/04/2019   C-2 Books
  Dewey Decimal Classification     Non-fiction Central Library, University of Rajshahi Central Library, University of Rajshahi   20/05/2008 Dhaka, Paragon Enterprise 525.00     657.45 GUC 2005 10/04/2019   C-4 Books
  Dewey Decimal Classification     Non-fiction Central Library, University of Rajshahi Central Library, University of Rajshahi   20/05/2008 Dhaka, Paragon Enterprise 525.00     657.45 GUC 2005 10/04/2019   C-5 Books
  Dewey Decimal Classification   Not For Loan Non-fiction Central Library, University of Rajshahi Central Library, University of Rajshahi Reading Room 20/05/2008 Dhaka, Paragon Enterprise 525.00     657.45 GUC 2005 10/04/2019   C-1 Books
  Dewey Decimal Classification     Non-fiction Central Library, University of Rajshahi Central Library, University of Rajshahi General Stacks 17/01/2008 Dhaka, Paragon Enterprises Ltd. 525.00     657.45 GUC 2005 23/03/2022   C-6 Books